| 000 | 00723nam a22002177a 4500 | ||
|---|---|---|---|
| 999 |
_c5265 _d5265 |
||
| 003 | AR-CdUCM | ||
| 008 | 190312b ||||| |||| 00| 0 spa d | ||
| 040 |
_aMUNICIPALIDAD PROVINCIAL DEL CUSCO _cBIBLIOTECA MUNICIPAL DEL CUSCO |
||
| 082 |
_a802.01 / _bB62 |
||
| 100 |
_aBloch, Jean Richard _915935 |
||
| 245 |
_aSociología y destino del teatro : _bHacia un teatro humanista / |
||
| 260 |
_aBuenos Aires : _bSiglo Veinte. _c1957. |
||
| 300 |
_a76 páginas ; _c20 cm. |
||
| 500 | _aDonación familia Luis Nieto | ||
| 505 | _aContenido: Sociología y teatro argentino. | ||
| 650 |
_aSociologia _9276 |
||
| 650 |
_aTeatro argentino _915936 |
||
| 650 |
_aDesarrollo humanista _915937 |
||
| 942 |
_2ddc _cLIBROS |
||
| 945 | _adavv | ||